Statistics for Alphabetical Chain - U.S. State Capitals

Click here to take the quiz!

General Stats

  • This quiz has been taken 52 times
  • The average score is 12 of 49

Answer Stats

State Capital% Correct
Nashville
100%
Frankfort
65%
Tallahassee
61%
Denver
52%
Hartford
52%
Harrisburg
48%
Helena
48%
Raleigh
48%
Albany
43%
Annapolis
43%
Sacramento
39%
Atlanta
35%
Augusta
35%
Oklahoma City
35%
Olympia
35%
Austin
30%
Honolulu
26%
Baton Rouge
22%
Bismarck
17%
Boston
17%
Indianapolis
17%
Lansing
17%
Pierre
17%
Saint Paul
17%
Boise
13%
Jefferson City
13%
Juneau
13%
Lincoln
13%
Phoenix
13%
Carson City
9%
Charleston
9%
Cheyenne
9%
Colombia
9%
Columbus
9%
Concord
9%
Des Moines
9%
Dover
9%
Little Rock
9%
Madison
9%
Montgomery
9%
Montpellier
9%
Providence
9%
Richmond
9%
Salem
9%
Salt Lake City
9%
Santa Fe
9%
Springfield
9%
Topeka
9%
Trenton
9%

Score Distribution

Percentile by Number Answered

Percent of People with Each Score

Your Score History

You have not taken this quiz